Data Structures (Record no. 309034)

MARC details
000 -LEADER
fixed length control field 00482nam a2200169Ia 4500
008 - FIXED-LENGTH DATA ELEMENTS--GENERAL INFORMATION
fixed length control field 230718s9999 xx 000 0 und d
020 ## - INTERNATIONAL STANDARD BOOK NUMBER
International Standard Book Number 053495216X
041 ## - LANGUAGE CODE
Language code of text/sound track or separate title eng
082 ## - DEWEY DECIMAL CLASSIFICATION NUMBER
Classification number 005.73
Item number GIL
100 ## - MAIN ENTRY--PERSONAL NAME
Personal name Gilberg R.F.
9 (RLIN) 133084
245 ## - TITLE STATEMENT
Title Data Structures
Remainder of title A Pseudocode Approach With C++
260 ## - PUBLICATION, DISTRIBUTION, ETC. (IMPRINT)
Date of publication, distribution, etc. 2001
Name of publisher, distributor, etc. Thomson Publication
300 ## - PHYSICAL DESCRIPTION
Extent 754
365 ## - TRADE PRICE
Currency code Rs.
Price amount 340.00
700 ## - ADDED ENTRY--PERSONAL NAME
Personal name Gilberg R.F. & Forouzan B.A.
9 (RLIN) 187360
906 ## - LOCAL DATA ELEMENT F, LDF (RLIN)
d B:832/28.10.0413-Oct-2005
c COMP
b 68
Holdings
Withdrawn status Lost status Damaged status Not for loan Home library Current library Date acquired Vendor Budget Code Cost, normal purchase price Bill number Total Checkouts Full call number Barcode Date last seen Discount Cost, replacement price Bill Date Koha item type Original Barcode
        Cummins College of Engineering for Women Pune Cummins College of Engineering for Women Pune 30/10/2004 Goels Computer Hut COMP 272.00 832/28.10.04   005.73 CCEP-BK-20241 18/07/2023 68 340.00 13/10/2005 Books 020241